Actresses by Mixed-Up Characters Quiz Stats

 Plays Quiz Updated Dec 17, 2015

Challenge
Share
Tweet
Embed
Score 0/24 Timer 06:00
0 Plays Today
Character names Actress % Correct
Vivian BrockovichJulia Roberts
94.6%
Lara SaltAngelina Jolie
84.9%
Raven EverdeenJennifer Lawrence
83.5%
Nell StarlingJodie Foster
70.5%
Padmé SayersNatalie Portman
61.9%
Dian RipleySigourney Weaver
61.6%
Bellatrix SingerHelena Bonham Carter
56.7%
Rose KruczynskiKate Winslet
49.2%
Galadriel HepburnCate Blanchett
47%
June WoodsReese Witherspoon
41.5%
Satine WoolfNicole Kidman
40.4%
Mia KiddoUma Thurman
35.5%
Character names Actress % Correct
Wanda StrodeJamie Lee Curtis
31.5%
Gracie TuohySandra Bullock
29.2%
Aileen InvergordonCharlize Theron
28.1%
Brandon FitzgeraldHilary Swank
24.5%
Leeloo IngabogovinananaMilla Jovovich
23.3%
Charlotte RomanoffScarlett Johansson
21.1%
Ororo PhillipsHalle Berry
16.1%
Allie AdlerRachel McAdams
15.2%
Ariadne MacGuffEllen Page
13.7%
Ginger TramellSharon Stone
7.3%
Molly GallowayDemi Moore
5.2%
Sartana CallahanJessica Alba
1.7%

You're not logged in!

Compare scores with friends on all Sporcle quizzes.
OR
Log In

You Might Also Like...

Show Comments

Extras

Top Quizzes Today


Score Distribution

Your Account Isn't Verified!

In order to create a playlist on Sporcle, you need to verify the email address you used during registration. Go to your Sporcle Settings to finish the process.

Report this User

Report this user for behavior that violates our Community Guidelines.

Details: